<?xml version="1.0" encoding="UTF-8"?>
<collection xmlns:xsi="http://www.w3.org/2001/XMLSchema-instance" xsi:schemaLocation="http://www.loc.gov/MARC21/slim http://www.loc.gov/standards/marcxml/schema/MARC21slim.xsd" xmlns="http://www.loc.gov/MARC21/slim">
 <record>
  <leader>00000cab a22000004cb4500</leader>
  <controlfield tag="001">IPP-00000288821</controlfield>
  <controlfield tag="003">IPP</controlfield>
  <controlfield tag="005">20200902123540.0</controlfield>
  <controlfield tag="008">200902s1978    xx     d | ||r |||||eng||</controlfield>
  <datafield tag="041" ind1="#" ind2="#">
   <subfield code="a">eng</subfield>
  </datafield>
  <datafield tag="100" ind1="1" ind2="#">
   <subfield code="a">Ocampo, Romeo B.</subfield>
  </datafield>
  <datafield tag="245" ind1="1" ind2="0">
   <subfield code="a">Study of political and administrative reforms</subfield>
   <subfield code="b">integrated report</subfield>
  </datafield>
  <datafield tag="264" ind1="#" ind2="1">
   <subfield code="c">1978</subfield>
  </datafield>
  <datafield tag="520" ind1="#" ind2="#">
   <subfield code="a">This study integrates the results of the public opinion surveys about Martial Law and in-depth studies of political and administrative reforms including those in policy making and other key governmental processes, in the organizational structure of national and local governments, in the civil service and in the administration of health and related social development programs. Despite the relative success made in institutionalizing the changes introduced in the Martial Law period, concomitant problems in the governmental politics, processes, structures and program administration arise. The need for more rationality in undertaking reforms particularly in the matching of available government revenues with the reforms introduced is a requisite to an effective and sustained reform implementation.</subfield>
  </datafield>
  <datafield tag="650" ind1="1" ind2="0">
   <subfield code="a">Martial law</subfield>
   <subfield code="x">Political aspects</subfield>
  </datafield>
  <datafield tag="650" ind1="2" ind2="0">
   <subfield code="a">Martial law</subfield>
   <subfield code="x">Public opinion</subfield>
  </datafield>
  <datafield tag="650" ind1="2" ind2="0">
   <subfield code="a">Martial law</subfield>
   <subfield code="x">Social aspect</subfield>
  </datafield>
  <datafield tag="650" ind1="2" ind2="0">
   <subfield code="a">Political reform</subfield>
  </datafield>
  <datafield tag="773" ind1="0" ind2="#">
   <subfield code="t">Philippine Journal of Public Administration</subfield>
   <subfield code="g">Vol. XXII, no. 3&amp;4 (Jul. 1978 - Oct. 1978), 350-369</subfield>
  </datafield>
  <datafield tag="852" ind1="#" ind2="#">
   <subfield code="a">UPD</subfield>
   <subfield code="b">DCPA</subfield>
  </datafield>
  <datafield tag="942" ind1="#" ind2="#">
   <subfield code="a">Article</subfield>
  </datafield>
  <datafield tag="950" ind1="#" ind2="#">
   <subfield code="a">FI</subfield>
  </datafield>
 </record>
</collection>
